书目信息 |
| 题名: |
有机合成反应及路线设计研究
|
|
| 作者: | 张金玉 , 孔梅岩 , 展召顺 著 | |
| 分册: | ||
| 出版信息: | 北京 中国原子能出版社 2020 |
|
| 页数: | 322页 | |
| 开本: | 24cm | |
| 丛书名: | ||
| 单 册: | ||
| 中图分类: | O621.3 | |
| 科图分类: | ||
| 主题词: | 有机合成--设计--研究 | |
| 电子资源: | ||
| ISBN: | 978-7-5221-0767-7 | |
| 000 | 00965nam0 2200241 450 | |
| 001 | 2240202416 | |
| 005 | 20221019111020.33 | |
| 010 | @a978-7-5221-0767-7@dCNY98.00 | |
| 100 | @a20210219d2020 em y0chiy50 ea | |
| 101 | 0 | @achi |
| 102 | @aCN@b110000 | |
| 105 | @ay z 000yy | |
| 200 | 1 | @a有机合成反应及路线设计研究@9you ji he cheng fan ying ji lu xian she ji yan jiu@f张金玉,孔梅岩,展召顺著 |
| 210 | @a北京@c中国原子能出版社@d2020 | |
| 215 | @a322页@d24cm | |
| 330 | @a本书对有机合成反应及路线设计进行了研究,主要内容包括:有机合成及路线设计综述、碳环合成反应、导向基团的导向作用、保护基团、逆合成法、分子拆分法、不对称合成、反应的非常规性差异性应用及合成路线设计简化、复杂化合物的合成实例、有机合成的技术发展等。 | |
| 606 | 0 | @a有机合成@x设计@x研究 |
| 690 | @aO621.3@v5 | |
| 701 | 0 | @a张金玉@9zhang jin yu@4著 |
| 701 | 0 | @a孔梅岩@9kong mei yan@4著 |
| 701 | 0 | @a展召顺@9zhan zhao shun@4著 |
| 801 | 0 | @aCN@b91MARC@c20210317 |
| 905 | @aZUCC@dO621.3@e2 | |
| 有机合成反应及路线设计研究/张金玉,孔梅岩,展召顺著.-北京:中国原子能出版社,2020 |
| 322页;24cm |
| ISBN 978-7-5221-0767-7:CNY98.00 |
| 本书对有机合成反应及路线设计进行了研究,主要内容包括:有机合成及路线设计综述、碳环合成反应、导向基团的导向作用、保护基团、逆合成法、分子拆分法、不对称合成、反应的非常规性差异性应用及合成路线设计简化、复杂化合物的合成实例、有机合成的技术发展等。 |
| ● |
| 相关链接 |
|
|
|
正题名:有机合成反应及路线设计研究
索取号:O621.3/2
 
预约/预借
| 序号 | 登录号 | 条形码 | 馆藏地/架位号 | 状态 | 备注 |
| 1 | 2000914759 | 2000914759 | 第三书库/ [索取号:O621.3/2] | 在馆 | |
| 2 | 2000914760 | 2000914760 | 第三书库/ [索取号:O621.3/2] | 在馆 | |
| 3 | 2000914761 | 2000914761 | 第三书库/ [索取号:O621.3/2] | 在馆 |